000 00308nam a2200121Ia 4500
008 191201s2012 xx 000 0 und d
100 _aWEISS, Mark Allen
245 0 _aData structures and algorithm analysis in C
250 _a2nd
260 _c2012
_bpearson
_aNEW DELHI
300 _a527
942 _2ddc
_cBK
_03
999 _c7820
_d7820